1459 1403 1905 1699 1150 1401 1668 1309 1045 1052 1309 1300 1510 1514 1141 1793 1596 1103 1801 1469 1006 1511 1466 1513 1674 1801 1881 1937 1543 1597 1637 1285 1586 1734 1191 1337 1073 1873 1669 1051 1951 1327 1954 1222 1716 1180 1208 1585 1856 1181 1521 1244 1367 1134 1502 1380 1037 1285 1972 1487 1326 1038 1133 1330 1942 1036 1030 1057 1398 1435 1377 1353 1523 1406 1145 1180 1561 1005 1843 1684 1848 1247 1001 1276 1497 1299 1526 1289 1291 1543 1589 1908 1943 1845 1249 1570 1249 1975 1121 BCNSPRNW ULIB Ver.6.0+V

เปลี่ยนเป็นภาษาไทย

Change to English
 แสดงรายละเอียดบรรณานุกรม
  กลับหน้าหลัก

Brief Record : Get Marc (ISO 2709) : E-mail record : QR code < ปิดหน้าต่าง
LEADER : 00000nam 2200000uu 4500
001    13399125287
003     ULIB
008    170328s2559||||th 000 0 tha d
020    ^a786168032022
060 04 ^aWJ340^bส854ต
100 0  ^aสุรศักดิ์ กันตชูเวสศิริ และคณะ, บรรณาธิการ
245 10 ^aตำราโรคไตเรื้อรัง =^bTextbook Of Chronic Kidney Disease /^cสุรศักดิ์ กันตชูเวสศิริ และคณะ, บรรณาธิการ
250    ^aพิมพ์ครั้งที่ 1 (ราคา 1,800 บาท)
260    ^aกรุงเทพฯ :^bบริษัทเท็กซ์แอนด์เจอร์นัลพับลิเคชั่นจำกัด,^c2559
300    ^a952 หน้า ;^bภาพประกอบ ; ตาราง ;^c30 ซม.
650  7 ^aโรคไตเรื้อรัง
650  7 ^aโรคไต
945    ^p0^l0^i001763
945    ^p0^l0^i001764
999    ^aวรรณษา ชูชัยมงคล
รายการนี้ยังไม่มีแท็ก
คุณยังไม่ได้ล็อกอิน คุณสามารถมีกิจกรรมร่วมกับเว็บไซต์ได้ แต่ต้องล็อกอินก่อน ::
  ล็อกอิน

รายการสื่อสารสนเทศ

ลำดับที่ ประเภท เลขเรียก/บาร์โค้ด สถานที่ สถานะ
1. วิทยาศาสตร์การแพทย์ และสุขภาพ
วิทยาศาสตร์การแพทย์ และสุขภาพ
สถานะ=หนังสือเก่า
WJ340 ส854ต ฉ.1 
  Barcode: 001763
ห้องสมุดวิทยาเขตสวรรค์ประชารักษ์
►ส่วนจัดเก็บหนังสือเก่า สปร
บนชั้น
  ขอยืม
2. วิทยาศาสตร์การแพทย์ และสุขภาพ
วิทยาศาสตร์การแพทย์ และสุขภาพ
สถานะ=หนังสือเก่า
WJ340 ส854ต ฉ.2 
  Barcode: 001764
ห้องสมุดวิทยาเขตสวรรค์ประชารักษ์
►ส่วนจัดเก็บหนังสือเก่า สปร
บนชั้น
  ขอยืม

รายการใกล้เคียง
    หัวเรื่อง [โรคไตเรื้อรัง]
    หัวเรื่อง [โรคไต]

BibComment


ยังไม่เคยถูกคอมเมนท์

คอมเมนท์ทรัพยากรรายการนี้
  คอมเมนท์: ตำราโรคไตเรื้อรั..


 Copyright 2026. Bcnsprnw @Library